000 00327nam a2200133Ia 4500
003 GCL
008 140319s9999 xx 000 0 ara d
040 _aGCL /
_cGCL
082 0 4 _a942.08
_bم ت
100 1 _aمحمد صبيح
245 1 0 _aتشرشل /
_cمحمد صبيح
300 _a173 ص
490 _aكتاب الشهر
_v0
999 _c47601
_d47601